01223nam a2200349 a 4500001001000000003000900010005001700019007001000036008004100046040002200087092002000109100003300129245005300162260003600215300002700251490002900278500005400307650002400361650002600385830002900411910003900440930004900479942001200528945002700540952009600567956003900663956003900702956003900741956003900780956003900819999001500858000010362DO-SdBNP20180213133002.0000010362091006s1985 dr a 000 p spa d aBPMETbspacBPMET aRD861.44bG261m1 aGatón Arce, Freddy,d1920-10aMirando el lagarto verde /cFreddy Gatón Arce. aSanto Domingo :bTaller,c1985. a69 p. :bil. ;c19 cm. aLa poesía sorprendida  aIncluye datos biográficos del autor (p. 67-68). 4aPOESÍA DOMINICANA 4aLITERATURA DOMINICANA pLa poesía sorprendida  aValidado. Control de calidad BNPHU 1lBND01mLF1hRD861.44820091006f01pCTg5487 2ddccBK aInventariado, 2018/ YL 00102ddc40708CDaBPMETbBPMETd2015-02-23l0pBPMSU15040121r2015-02-23w2015-02-23yBK aNMORDANb10c20091007lBND01h1118 aDGARCIAb10c20091008lBND01h0809 aMFILETOb10c20091008lBND01h1457 aMMOLINAb40c20091013lBND01h0912 aVMATEOb10c20150903lBPMSUh00151 c7484d7484